La revolución rusa
محفوظ في:
| المؤلف الرئيسي: | |
|---|---|
| التنسيق: | كتاب |
| اللغة: | الإسبانية |
| منشور في: |
Madrid
Istmo
1990
|
| سلاسل: | La Historia en sus Textos
|
| الموضوعات: | |
| الوسوم: |
إضافة وسم
لا توجد وسوم, كن أول من يضع وسما على هذه التسجيلة!
|
MARC
| LEADER | 00000nam a2200000 a 4500 | ||
|---|---|---|---|
| 001 | UCX6159 | ||
| 003 | CL-VaPUC | ||
| 008 | 930426e19900000SP |||||||||||||||||spa|d | ||
| 082 | 0 | 4 | |a 947.083 |b FER |2 21 |
| 100 | 0 | |a Fernández García, Antonio |e author |9 322577 | |
| 245 | 1 | 3 | |a La revolución rusa |
| 300 | |a 246 p | ||
| 942 | |c BK | ||
| 945 | |d 19930426 00:00:00 | ||
| 260 | |a Madrid |b Istmo |c 1990 | ||
| 650 | 0 | |a Historia |9 255047 | |
| 650 | 7 | |a RUSIA HISTORIA 1917- |2 CL-VaPUC |9 322578 | |
| 651 | 0 | |a Rusia |9 256106 | |
| 583 | |a last modification |c 19930426 00:00:00 |k Rodrigo Vera | ||
| 490 | 0 | |a La Historia en sus Textos | |
| 999 | |c 226233 |d 226231 | ||
| 952 | |0 0 |1 0 |4 0 |6 947_083000000000000_FER_1990 |7 0 |8 A |9 224452 |a BIBHIS |b BIBHIS |d 2019-11-15 |i 2932075 |l 2 |o 947.083 FER 1990 |p 2932075 |r 2025-01-20 |s 2022-09-06 |w 2019-11-15 |y BK |k HIS | ||